000 00360nam a2200133Ia 4500
008 151001s9999||||xx |||||||||||||| ||und||
100 _aअनंत लोके
245 _aपेईग गेस्ट
250 _a1
260 _bत्रिदल प्रकाशन मुंबई
260 _c1983
300 _a24
365 _b18
999 _c964786
_d964783